Roh sembahyang (Record no. 30203)

MARC details
000 -LEADER
fixed length control field 00653nam a2200241 i 4500
001 - CONTROL NUMBER
control field C2-0115887
003 - CONTROL NUMBER IDENTIFIER
control field PPAK
005 - DATE AND TIME OF LATEST TRANSACTION
control field 20180727105502.0
008 - FIXED-LENGTH DATA ELEMENTS--GENERAL INFORMATION
fixed length control field 970719s1994 my |||| ||||| | may d
020 ## - INTERNATIONAL STANDARD BOOK NUMBER
International Standard Book Number 983901787X ; 9789839017878
040 ## - CATALOGING SOURCE
Original cataloging agency PPAK
Language of cataloging eng
Transcribing agency PPAK
Description conventions rda
082 04 - DEWEY DECIMAL CLASSIFICATION NUMBER
Classification number 297.52
Edition number 23
090 00 - LOCALLY ASSIGNED LC-TYPE CALL NUMBER (OCLC); LOCAL CALL NUMBER (RLIN)
Classification number (OCLC) (R) ; Classification number, CALL (RLIN) (NR) 297.52
Feature heading ROH
Feature heading G
245 00 - TITLE STATEMENT
Title Roh sembahyang
264 #1 - PRODUCTION, PUBLICATION, DISTRIBUTION, MANUFACTURE, AND COPYRIGHT NOTICE
Place of production, publication, distribution, manufacture Kuala Lumpur :
Name of producer, publisher, distributor, manufacturer Darul Nu'man ,
Date of production, publication, distribution, manufacture, or copyright notice 1994
300 ## - PHYSICAL DESCRIPTION
Extent xiii, 128 pages ;
Dimensions 20 cm
336 ## - CONTENT TYPE
Source rdacontent
Content type term text
337 ## - MEDIA TYPE
Source rdamedia
Media type term unmediated
338 ## - CARRIER TYPE
Source rdacarrier
Carrier type term volume
650 10 - SUBJECT ADDED ENTRY--TOPICAL TERM
Topical term or geographic name entry element Prayer - Islam.
700 0# - ADDED ENTRY--PERSONAL NAME
Personal name Abdul Rahman Mat Ismail,
Relator term compile
942 ## - ADDED ENTRY ELEMENTS (KOHA)
-- dc
Koha item type Book
Holdings
Withdrawn Not for loan Current library Shelving location Date acquired Full call number Barcode Date last seen Koha item type
    Perpustakaan Kulim Pinjaman Dewasa 06/07/2003 297.52 ROH A00338170 08/05/2018 Book
    Perpustakaan Langkawi Pinjaman Dewasa 18/01/2005 297.52 ROH A00347588 08/05/2018 Book
    Perpustakaan Langkawi Pinjaman Dewasa 18/01/2005 297.52 ROH A00347587 08/05/2018 Book
    PD16, Kg. Jelai, Pendang Pinjaman Dewasa 19/09/1999 297.52 ROH A00283703 08/05/2018 Book
    PD16, Kg. Jelai, Pendang Pinjaman Dewasa 19/09/1999 297.52 ROH A00283704 08/05/2018 Book
    PD17, Kg. Binjul, Kuala Ketil Pinjaman Dewasa 19/09/1999 297.52 ROH A00283705 08/05/2018 Book
    PD23, Taman Mas Merah, Titi Gajah, Alor Setar Pinjaman Dewasa 19/09/1999 297.52 ROH A00283713 08/05/2018 Book